Revisô contratual no cd̤igo civil e no cd̤igo de defesa do consumidor

Detalles Bibliográficos
Autor principal: Rodrigues Barletta, Fabiana
Formato: eBook
Lenguaje:portugués
Publicado: San Pablo: Editora Foco, 2020
Materias:
Acceso en línea:Acceso restringido

MARC

LEADER 00000nam a22000007a 4500
005 20210910132713.0
007 cr|||| ||||
008 210910s2020 br |||||s|||| 00||0 por d
020 |a 978-65-5515-041-4 
035 |a 35177 
040 |a vLex 
090 |c 12401  |d 12401 
100 1 |a Rodrigues Barletta, Fabiana 
245 1 0 |a Revisô contratual no cd̤igo civil e no cd̤igo de defesa do consumidor  |h [Recurso electrn̤ico] /  |c Fabiana Rodrigues Barletta 
256 |a Servicio en ln̕ea 
260 |a San Pablo:  |b Editora Foco,  |c 2020 
300 |a 1 recurso electrn̤ico 
506 1 |a Disponible solo en los productos indicados  |d vLex Global  |d vLex Global (Academic Edition, excluding Law Schools)  |d vLex Global (U.S. Academic Edition, Law Schools)  |d vLex Global (U.S. Academic Edition, excluding Law Schools)  |d vLex Global (Academic Edition, Law Schools) 
650 0 4 |a Cd̤igo Civil  |z Brasil 
740 0 |a vLex Libros (Servicio en ln̕ea) 
856 4 0 |u https://app.vlex.com/#/sources/35177  |z Acceso restringido 
942 |c BOOK 
999 0 |a Civil Code